书目信息 |
| 题名: |
寻找生命的意义
|
|
| 作者: | 刘翔平 著 | |
| 分册: | ||
| 出版信息: | 武汉 湖北教育出版社 1999 |
|
| 页数: | 187页 | |
| 开本: | 20cm | |
| 丛书名: | 20世纪西方心理学大师述评丛书 | |
| 单 册: | ||
| 中图分类: | B84-065 , B84 | |
| 科图分类: | ||
| 主题词: | 精神分析学派--弗兰克尔,V.E.--研究 , 精神分析学派 | |
| 电子资源: | ||
| ISBN: | 7-5351-2590-5 | |
| 000 | 01025oam2 2200301 450 | |
| 001 | 1553020010 | |
| 005 | 20150120144757.71 | |
| 010 | @a7-5351-2590-5@dCNY15.00 | |
| 100 | @a20000605d1999 em y0chiy0110 ea | |
| 101 | 0 | @achi |
| 102 | @aCN@b420000 | |
| 105 | @ay z 000yy | |
| 200 | 1 | @a寻找生命的意义@9xun zhao sheng ming de yi yi@e弗兰克尔的意义治疗学说@f刘翔平著 |
| 210 | @a武汉@c湖北教育出版社@d1999 | |
| 215 | @a187页@d20cm | |
| 225 | 2 | @a20世纪西方心理学大师述评丛书 |
| 314 | @a刘翔平(1959~ ),辽宁沈阳人,北京师范大学心理学系教授 | |
| 461 | 0 | @12001 @a20世纪西方心理学大师述评丛书 |
| 517 | 1 | @a弗兰克尔的意义治疗学说@9fu lan ke er de yi yi zhi liao xue shuo |
| 600 | 1 | @a弗兰克尔@c(Frankl, Viktor E.)@x精神分析学派@x研究 |
| 600 | 1 | @2CT@3S909233@a弗兰克尔@c(Frankl, Viktor E.) |
| 606 | 0 | @a精神分析学派@x弗兰克尔,V.E.@x研究 |
| 606 | 0 | @a精神分析学派 |
| 690 | @aB84-065@v5 | |
| 690 | @aB84@v4 | |
| 701 | 0 | @a刘翔平@9liu xiang ping@4著 |
| 801 | 0 | @aCN@bTSSF@c20150120 |
| 905 | @aZUCC@dB84@eJY133 | |
| 寻找生命的意义:弗兰克尔的意义治疗学说/刘翔平著.-武汉:湖北教育出版社,1999 |
| 187页;20cm.-(20世纪西方心理学大师述评丛书) |
| ISBN 7-5351-2590-5:CNY15.00 |
| ● |
| 相关链接 |
|
|
|
|
正题名:寻找生命的意义
索取号:B84/JY133
 
预约/预借
| 序号 | 登录号 | 条形码 | 馆藏地/架位号 | 状态 | 备注 |
| 1 | 7849337 | 278493373 | 学院路分馆/ [索取号:B84/JY133] | 在馆 |